00431 2200181 4500001002100000005001500021035002000036245003500056100002200091250000600113300001200119260004100131082001400172084002000186020002200206600001000228990001100238INLIS00000000000019020190306013918 a0010-03190000071 acnhgjhg :bdgtfhygh /chyjghgf0 aArif I.Y. Pranata a1 a160 hlm aBandung :bMitra Bocah Muslim,c2010 a899.221.3 a899.221.3 ARI c a978-979-066-152-5 4afiksi a123456